|
|
|
|
| LEADER |
02253nam a2200541 i 4500 |
| 001 |
001888471 |
| 003 |
CZ BrMZK |
| 005 |
20240517113209.0 |
| 007 |
ta |
| 008 |
240307s2008 xr a e c 000 0dcze |
| 020 |
|
|
|q (Brožováno)
|
| 040 |
|
|
|a BOA001
|b cze
|e rda
|
| 043 |
|
|
|a e-xr---
|a x------
|
| 045 |
|
|
|a x7y0
|
| 072 |
|
7 |
|a 77
|x Fotografie. Fotografické postupy
|2 Konspekt
|9 21
|
| 080 |
|
|
|a 77.03
|2 MRF
|
| 080 |
|
|
|a 913:910.4
|2 MRF
|
| 080 |
|
|
|a (437.3)
|2 MRF
|
| 080 |
|
|
|a (100)
|2 MRF
|
| 080 |
|
|
|a (083.824)
|2 MRF
|
| 100 |
1 |
|
|a Myška, Miroslav,
|d 1946-
|7 ola200206298
|4 pht
|
| 245 |
1 |
0 |
|a Miroslav Myška :
|b fotografie : lidé tří světadílů : 1970-2008
|
| 246 |
1 |
4 |
|a Miro Myška - fotografie
|
| 246 |
3 |
0 |
|a Fotografie
|
| 246 |
3 |
0 |
|a Lidé tří světadílů
|
| 264 |
|
1 |
|a [Brno] :
|b [Etnografický ústav Moravského zemského muzea],
|c [2008]
|
| 300 |
|
|
|a 36 nečíslovaných stran :
|b ilustrace (některé barevné) ;
|c 21 x 23 cm
|
| 336 |
|
|
|a text
|b txt
|2 rdacontent
|
| 336 |
|
|
|a statický obraz
|b sti
|2 rdacontent
|
| 337 |
|
|
|a bez média
|b n
|2 rdamedia
|
| 338 |
|
|
|a svazek
|b nc
|2 rdacarrier
|
| 500 |
|
|
|a Vydáno ke stejnojmenné výstavě konané v Etnografickém ústavu Moravského zemského muzea v Brně 9. dubna - 20. května 2008 - 2. část 21. května - 30. června 2008
|
| 500 |
|
|
|a Životopisná data, přehled výstav a zastoupení ve sbírkách
|
| 600 |
1 |
7 |
|a Myška, Miroslav,
|d 1946-
|7 ola200206298
|
| 648 |
|
7 |
|a 20.-21. století
|7 ch462155
|
| 648 |
|
4 |
|a 1970-2008
|
| 650 |
0 |
7 |
|a dokumentární fotografie
|z Česko
|y 20.-21. století
|7 ph119534
|2 czenas
|
| 650 |
0 |
7 |
|a cesty a pobyt
|z země světa
|y 20.-21. století
|7 ph137578
|2 czenas
|
| 650 |
0 |
9 |
|a documentary photography
|z Czechia
|y 20th-21st centuries
|2 eczenas
|
| 650 |
0 |
9 |
|a travels and stays
|z countries of the world
|y 20th-21st centuries
|2 eczenas
|
| 653 |
0 |
|
|a cestovatelská fotografie
|
| 655 |
|
7 |
|a katalogy výstav
|7 fd132536
|2 czenas
|
| 655 |
|
9 |
|a exhibition catalogs
|2 eczenas
|
| 710 |
2 |
|
|a Moravské zemské muzeum (Brno, Česko).
|b Etnografický ústav
|7 kn20010724184
|4 orm
|4 isb
|
| 910 |
|
|
|a BOA001
|b 2-1525.269
|
| 990 |
|
|
|a BK
|
| 991 |
|
|
|b 202405
|
| 996 |
6 |
|
|b 2610967640
|c 2-1525.269
|l MZK
|r Sklad / do 1 hodiny
|n 1
|p dar
|w 001962576
|u 000010
|a 1
|e BOA001
|j MZK50
|s P
|